000 00906nam a2200253Ia 4500
001 Z_5774
003 CHAP
005 20220920184514.0
008 220113s1998 xx 000 0 und d
010 _a168970
040 _cCHAP
090 _aFolleto 736
100 _aArgel M., Pedro J
_9143311
245 _aNuevo Maní forrajero perenne (Arachis pintoi Krapovickas y Gregory). Cultivar Porvenir (CIAT 18744); leguminosa herbácea para alimentación animal, el mejoramiento y conservación del suelo y el embellecimiento del paisaje /
_cPedro J. Argel M y Milton Villarreal C.
260 _aCiudad Quezada, Costa Rica :
_bMinisterio de Agricultura y Ganadería,
_c1998
300 _a29 p. ilus.
440 _aBoletín técnico
_913560
700 _aVillarreal C., Milton
_9143312
901 _aFOLLETO 736
902 _aA
910 _a1998
942 _cFOLL
_2local
942 _cFOLL
_2local
999 _c168970
_d168970